书目信息 |
| 题名: |
名士自白:我在文革中 上
|
|
| 作者: | 邓瑞全 编 | |
| 分册: | ||
| 出版信息: | 呼和浩特 内蒙古人民出版社 1999.01 |
|
| 页数: | 2册 | |
| 开本: | 32开 | |
| 丛书名: | ||
| 单 册: | ||
| 中图分类: | I267 | |
| 科图分类: | ||
| 主题词: | 散文--中国 , 散文--作品综合集--中国 | |
| 电子资源: | ||
| ISBN: | 7-204-04497-5 | |
| 000 | 00611nam0 2200205 45 | |
| 001 | 0012010938 | |
| 005 | 20001201093557.8 | |
| 010 | @a7-204-04497-5@d共40.00元 | |
| 100 | @a20001201d1999 km y0chiy0120 ea | |
| 101 | 0 | @achi |
| 105 | @a z 000yy | |
| 200 | 1 | @a名士自白:我在文革中 上@AMing Shi Zi Bai:Wo Zai Wen Ge Zhong Shang@f邓瑞全编@FDeng Rui Quan Bian |
| 210 | @a呼和浩特@c内蒙古人民出版社@d1999.01 | |
| 215 | @a2册@d32开 | |
| 606 | 0 | @a散文@x中国 |
| 606 | 0 | @a散文@x作品综合集@x中国 |
| 690 | @aI267@v3 | |
| 701 | 0 | @a邓瑞全@4编 |
| 801 | @aCN@bPftUser@c20001201 | |
| 905 | @b508480-481@dI267@eD689:1@f2 | |
| 名士自白:我在文革中 上/邓瑞全编.-呼和浩特:内蒙古人民出版社,1999.01 |
| 2册;32开 |
| ISBN 7-204-04497-5:共40.00元 |
| ● |
| 相关链接 |
|
|
|
正题名:名士自白:我在文革中上
索取号:I267/D689:1
 
预约/预借
| 序号 | 登录号 | 条形码 | 馆藏地/架位号 | 状态 | 备注 |
| 1 | 508480 | 205084807 | 社科二线400B/400B社科库 25排3列1层/ [索取号:I267/D689:1] | 在馆 | |
| 2 | 508481 | 205084816 | 社科二线400B/400B社科库 25排3列1层/ [索取号:I267/D689:1] | 在馆 |